MARC details
| 000 -CABECERA |
| campo de control de longitud fija |
01051cam a2200313 a 4500 |
| 001 - NÚMERO DE CONTROL |
| campo de control |
000010566 |
| 005 - FECHA Y HORA DE LA ÚLTIMA TRANSACCIÓN |
| campo de control |
20200929162242.0 |
| 008 - DATOS DE LONGITUD FIJA--INFORMACIÓN GENERAL |
| campo de control de longitud fija |
970314m1996 sp b 000 0 spa |
| 020 ## - NÚMERO INTERNACIONAL ESTÁNDAR DEL LIBRO |
| Número Internacional Estándar del Libro |
8475064507 (v. 1) |
| 035 ## - NÚMERO DE CONTROL DEL SISTEMA |
| Número de control de sistema |
(DLC) 97127847 |
| 035 ## - NÚMERO DE CONTROL DEL SISTEMA |
| Número de control de sistema |
(SpBaP)pu 960015362 |
| 040 ## - FUENTE DE LA CATALOGACIÓN |
| Centro catalogador/agencia de origen |
DO-SdBNP |
| Centro/agencia transcriptor |
DLC |
| 082 ## - NÚMERO DE LA CLASIFICACIÓN DECIMAL DEWEY |
| Número de clasificación |
868.5 |
| Número de documento/Ítem |
L333ó |
| 049 ## - FONDOS LOCALES (OCLC) |
| Fondos de biblioteca |
BNGR |
| 100 1# - ENTRADA PRINCIPAL--NOMBRE DE PERSONA |
| Nombre de persona |
Larra, Mariano José de, |
| Fechas asociadas al nombre |
1809-1837. |
| 9 (RLIN) |
8739 |
| 240 10 - TÍTULO UNIFORME |
| Título uniforme |
Works. |
| Fecha de publicación/de la obra |
1996 |
| 245 10 - MENCIÓN DE TÍTULO |
| Título |
Obras completas / |
| Mención de responsabilidad, etc. |
Mariano José de Larra ; edición y prólogo de Luis Iglesias Feijoo. |
| 260 ## - PUBLICACIÓN, DISTRIBUCIÓN, ETC. |
| Lugar de publicación, distribución, etc. |
Madrid : |
| Nombre del editor, distribuidor, etc. |
Fundación José Antonio de Castro, |
| Fecha de publicación, distribución, etc. |
1996-. |
| 300 ## - DESCRIPCIÓN FÍSICA |
| Extensión |
v. ; |
| Dimensiones |
23 cm. |
| 490 1# - MENCIÓN DE SERIE |
| Mención de serie |
Biblioteca Castro |
| 500 ## - NOTA GENERAL |
| Nota general |
la biblioteca posee el volumen 1 |
| 504 ## - NOTA DE BIBLIOGRAFÍA, ETC. |
| Nota de bibliografía, etc. |
Incluye referencias bibliográficas (v. 1, p. LII-LIV). |
| 505 1# - NOTA DE CONTENIDO CON FORMATO |
| Nota de contenido con formato |
1. Articulos |
| 650 #4 - PUNTO DE ACCESO ADICIONAL DE MATERIA--TÉRMINO DE MATERIA |
| Término de materia o nombre geográfico como elemento de entrada |
Articulos de prensa |
| 9 (RLIN) |
43 |
| 650 #4 - PUNTO DE ACCESO ADICIONAL DE MATERIA--TÉRMINO DE MATERIA |
| Término de materia o nombre geográfico como elemento de entrada |
Literatura española |
| Subdivisión general |
Siglo xix |
| 9 (RLIN) |
25634 |
| 700 1# - PUNTO DE ACCESO ADICIONAL--NOMBRE DE PERSONA |
| Nombre de persona |
Iglesias Feijoo, Luis. |
| Término indicativo de función/relación |
ed. |
| 9 (RLIN) |
17658 |
| 830 #0 - PUNTO DE ACCESO ADICIONAL DE SERIE-TÍTULO UNIFORME |
| Título uniforme |
Biblioteca Castro ; |
| 9 (RLIN) |
12631 |
| 910 ## - DATOS DE OPCIÓN DEL USUARIO (OCLC) |
| Datos de opción del usuario |
Catalogación por copia / LC |